000 00550nam a2200205Ia 4500
003 OSt
005 20221007112401.0
006 a|||||r|||| 00| 0
007 ta
008 221006b |||||||| |||| 00| 0 eng d
024 _a27,077
037 _cBound Volume
040 _aLCO
_cLCO
_beng
041 _2eng
_aeng
245 0 _aALL INDIA REPORTER HIMANCHAL PRADESH
260 _aNagpur
_bAll india reporter ltd. India
_c1955
490 _v331712, 6969 38 -1951
942 _cCR
999 _c1196640
_d1196640